| 000 | 00406nam a22001217a 4500 | ||
|---|---|---|---|
| 082 | _a200 THE | ||
| 100 |
_aMuhammad Sohail _915521 |
||
| 245 | _aTH-SOF-1168-Route Discovery for Multiple Physical Interfaces Based | ||
| 260 |
_aISLAMABAD _bNUST COLLEGE OF EME _c2015 |
||
| 650 | _a MS-CSE-12 MSTHESIS | ||
| 700 |
_aSupervison l Dr. Shoab Ahmed Khan Co-Supervisor Dr. Muazzam Ali Khan _970383 |
||
| 942 | _cCF | ||
| 999 |
_c577366 _d577366 |
||